00673nam a22001697a 450000500170000001000150001702000260003203500130005803700130007108200110008410000430009524501260013826000810026427000830034530000540042876000210048220231117142130.0 aHIN-126314 a9789383894116c400.00 aHN-98660 bDBAD/PUB a820.08 aतिवारी,अनुपमा  aहिंदी साहित्य : समकालीन संदर्भ/cअनुपमा तिवारी  aनई दिल्लीbहिंदी बुक सेंटर c 2021 a4/5-बी आसफ अली रोड bनई दिल्ली e110002  a188 पृष्ट c23cm (सजिल्द)  bप्रथम